000 00338 a2200157 4500
001 169095
020 _a
040 _cMagnum
100 _aGohn, Maria da Gloria
240 1 0 _aMovimentos sociais e educacao
_lpor
245 1 0 _aMovimentos sociais e educacao
362 0 _a1899
440 1 _aCortez
697 _aENSINO
942 _cBK
999 _c169095
_d169095